Villes de France par description Wikipedia - #1 - Statistiques

Statistiques générales
  • Ce quiz a été pris 73 fois
  • Le résultat moyen est 9 sur 15
Statistiques - réponses
Description Ville % Correct
Dans sa partie française, son unité urbaine et ses 1 063 720 habitants en 2023 font de [...] la cinquième agglomération de France derrière Paris, Lyon, Marseille et Toulouse. Lille
94%
C’est la préfecture du Haut-Rhin et, avec environ 70 000 habitants, la troisième commune alsacienne en nombre d'habitants après Strasbourg et Mulhouse. Colmar
80%
L'agglomération [...], associée à l'agglomération de Saint-Nazaire constituant son avant-port sur l'estuaire de la Loire, forme aujourd'hui le principal pôle métropolitain du Grand Ouest français. Nantes
77%
La ville est surnommée « la cité des sacres » ou « la cité des rois ». En effet, c'est sur le futur emplacement de la cathédrale Notre-Dame de [...] que Clovis est baptisé par saint Remi et que furent sacrés un grand nombre de rois carolingiens puis capétiens. Reims
76%
Capitale historique du duché de Bourgogne, ville aux cent clochers sous l'Ancien Régime, héritière d'un riche patrimoine historique et architectural, [...] est une cité touristique dont l'attrait est renforcé par la réputation gastronomique de la région. Dijon
74%
[...] s'est développée à partir du XIe siècle autour d'un promontoire rocheux, sur lequel se trouve son château, ainsi que le long des berges de la Mayenne. Laval
65%
Après les bombardements de 1944, l'atelier d'Auguste Perret entreprend de reconstruire la cité en béton. Le Havre
64%
Plus tard, la quasi-totalité des rois, reines et princes de France seront à leur tour inhumés à [...], donnant une destinée historique et un développement considérable à l'église abbatiale. Saint-Denis
56%
Des monuments remarquables ont été construits pendant l’Antiquité à l’époque romaine, comme le théâtre antique, les arènes, les Alyscamps, les thermes de Constantin ou encore le cirque romain. Arles
52%
La commune est très prisée des amateurs d'alpinisme et de sports de montagne en général. L'attrait touristique du mont Blanc confère un visage très cosmopolite à la ville. Chamonix-Mont-Blanc
52%
Exposée à un climat méditerranéen, elle est traversée par le Lez, la Mosson, la Lironde, le Rieucoulon, le Verdanson et par d'autres petits cours d'eau. Montpellier
52%
Le développement de la culture de la violette de [...] au XIXe siècle en fait un emblème de la ville et lui vaut le surnom de « cité des violettes ». Toulouse
50%
À la Renaissance, le roi Louis XII y établit sa cour et en fait sa résidence royale. La ville a conservé un patrimoine culturel important, avec notamment son château, la cathédrale Saint-Louis, l’église Saint-Nicolas et le pont Jacques-Gabriel. Blois
36%
Après avoir longtemps appartenu au Saint-Empire romain germanique et à l'empire espagnol, la ville de [...] est annexée par la France en 1678, puis devient capitale de l'éphémère État de Franche-Comté en 1814, avant de redevenir française. Vesoul
20%
La ville, à la suite du mariage en 1152 d'Aliénor d'Aquitaine avec Henri Plantagenêt, comte d'Anjou et du Maine, duc de Normandie et futur roi d'Angleterre, prend une importance militaire et surtout commerciale, grâce aux échanges maritimes avec l'Angleterre. Bayonne
8%
Aucun quiz correspondant
Distribution des résultats
% des personnes avec chaque résultat
Percentile par nombre de réponses
Votre historique - résultats
Vous n’avez pas pris ce quiz